Guidance notes for auctioneers proposing to sell real estate at auction in England and Wales (Record no. 101704)

MARC details
000 -LEADER
fixed length control field 01233cam a2200277 4500
001 - CONTROL NUMBER
control field J115112
008 - FIXED-LENGTH DATA ELEMENTS--GENERAL INFORMATION
fixed length control field #DATE n2001 000 0 eng u
035 ## - SYSTEM CONTROL NUMBER
System control number (Sirsi) u115112
041 ## - LANGUAGE CODE
Language code of text/sound track or separate title eng
050 ## - LIBRARY OF CONGRESS CALL NUMBER
Classification number 380.1
-- 18
110 ## - MAIN ENTRY--CORPORATE NAME
Corporate name or jurisdiction name as entry element Royal Institution of Chartered Surveyors
Subordinate unit Property Auctioneering Group
9 (RLIN) 4157
245 ## - TITLE STATEMENT
Title Guidance notes for auctioneers proposing to sell real estate at auction in England and Wales
250 ## - EDITION STATEMENT
Edition statement 3rd ed.
260 ## - PUBLICATION, DISTRIBUTION, ETC.
Place of publication, distribution, etc. London
Name of publisher, distributor, etc. RICS
Date of publication, distribution, etc. 2001
300 ## - PHYSICAL DESCRIPTION
Extent 10p.
Dimensions 30cm.
490 ## - SERIES STATEMENT
Series statement RICS Guidance Note
520 ## - SUMMARY, ETC.
Summary, etc. Third edition of this RICS guidance note, adopted by the National Association of Estate Agents (NAEA), considering surveyors' legal responsibilities and offering advice on good practice before, during and after the auction. Includes sections on the auction catalogue and auctions on the Internet.
520 ## - SUMMARY, ETC.
Summary, etc. Superseded by fourth edition "Auctioneers selling real estate in England and Wales" (ISBN 1842191810).
650 ## - SUBJECT ADDED ENTRY--TOPICAL TERM
Topical term or geographic name entry element AUCTIONEERS
650 ## - SUBJECT ADDED ENTRY--TOPICAL TERM
Topical term or geographic name entry element Auctioneering
9 (RLIN) 6218
650 ## - SUBJECT ADDED ENTRY--TOPICAL TERM
Topical term or geographic name entry element NATIONAL ASSOCIATION OF ESTATE AGENTS
650 ## - SUBJECT ADDED ENTRY--TOPICAL TERM
Topical term or geographic name entry element SALE OF PROPERTY
690 ## - LOCAL SUBJECT ADDED ENTRY--TOPICAL TERM (OCLC, RLIN)
Topical term or geographic name as entry element Auctioneering
9 (RLIN) 6218
710 ## - ADDED ENTRY--CORPORATE NAME
Corporate name or jurisdiction name as entry element Royal Institution of Chartered Surveyors
9 (RLIN) 4900
942 ## - ADDED ENTRY ELEMENTS (KOHA)
Suppress in OPAC 0
Holdings
Withdrawn status Lost status Source of classification or shelving scheme Damaged status Not for loan Home library Current library Shelving location Date acquired Total Checkouts Full call number Barcode Date last seen Copy number Price effective from Koha item type Date last checked out
    Dewey Decimal Classification     Historic collection Historic collection RICS Boxes 14/08/2012   RICS 2001/37 30077586 06/08/2019 1 06/08/2019 Archive  
    Dewey Decimal Classification     London London RICS Boxes 15/10/2001   RICS 2001/37 30064971 06/08/2019 1 06/08/2019 Archive  
    Dewey Decimal Classification     London London RICS Boxes 15/10/2001   RICS 2001/37 30064972 06/08/2019 2 06/08/2019 Reference material  
    Dewey Decimal Classification     London London RICS Boxes 15/10/2001 8 RICS 2001/37 30064973 06/08/2019 3 06/08/2019 Book 28/06/2006